Statistics for Menorca Airport Destinations (Menorca, Spain)

Click here to take the quiz!

General Stats

  • This quiz has been taken 39 times
  • The average score is 58 of 72

Answer Stats

AirlineDestination% Correct
Air Europa/Ryanair/VuelingBarcelona
100%
British Airways/easyJet/TUI Airways/VuelingLondon (Gatwick)
100%
easyJetLondon (Luton)
100%
Jet2.com/Ryanair/TUI AirwaysLondon (Stansted)
100%
Iberia/Ryanair/VuelingMadrid
100%
ITA AirwaysMilan (Linate)
100%
easyJet/NeosMilan (Malpensa)
100%
Jet2.com/TUI AirwaysBirmingham
95%
easyJet/Jet2.com/TUI AirwaysBristol
95%
Brussels Airlines/TUI fly BelgiumBrussels
95%
Eurowings Discover/Lufthansa/TUI fly DeutschlandFrankfurt
95%
LuxairLuxembourg
95%
easyJet/Jet2.com/Ryanair/TUI AirwaysManchester
95%
Air Europa/Iberia/Uep FlyPalma de Mallorca
95%
Iberia/Ryanair/VuelingValencia
95%
Austrian AirlinesVienna
95%
Iberia/RyanairAlicante
90%
TransaviaAmsterdam
90%
easyJetBerlin
90%
Eurowings/TUI fly DeutschlandDusseldorf
90%
Jet2.com/TUI AirwaysEdinburgh
90%
Jet2.com/TUI AirwaysGlasgow
90%
easyJet/Iberojet/TAP Air PortugalLisbon
90%
Jet2.comLiverpool
90%
Ryanair/VuelingMalaga
90%
Lufthansa/TUI fly DeutschlandMunich
90%
Jet2.com/TUI AirwaysNewcastle upon Tyne
90%
Scandinavian AirlinesOslo
90%
easyJetParis (Charles de Gaulle)
90%
Transavia/VuelingParis (Orly)
90%
ITA Airways/RyanairRome (Fiumicino)
90%
NeosVenice
90%
Edelweiss AirZurich
90%
easyJet/Jet2.comBelfast (International)
85%
Volotea/VuelingBilbao
85%
RyanairDublin
85%
easyJet/Swiss International Air LinesGeneva
85%
Jet2.comLeeds/Bradford
85%
Ryanair/VoloteaMarseille
85%
TUI AirwaysCardiff
80%
EurowingsCologne/Bonn
80%
Jet2.com/Ryanair/TUI AirwaysEast Midlands
80%
Iberia/Uep FlyIbiza
80%
easyJet/Transavia/VoloteaLyon
80%
easyJet/RyanairNaples
80%
Ryanair/VuelingSeville
80%
TUI fly DeutschlandStuttgart
80%
easyJetBasel/Mulhouse
75%
easyJet/RyanairToulouse
75%
Iberia/VoloteaZaragoza
75%
Binter CanariasGran Canaria
70%
easyJet/RyanairBordeaux
65%
TUI AirwaysBournemouth
65%
TUI fly DeutschlandHannover
65%
IberiaLeon
65%
VoloteaLille
65%
Lubeck AirLubeck
65%
Transavia/VoloteaNantes
65%
SmartwingsPrague
65%
VoloteaSan Sebastian
65%
VoloteaSantander
65%
RyanairSantiago de Compostela
65%
NeosVerona
65%
VoloteaAsturias
60%
RyanairTreviso
60%
Neos/RyanairBergamo
55%
Neos/RyanairBologna
55%
RyanairCharleroi
55%
TUI AirwaysNorwich
50%
TUI AirwaysExeter
45%
VoloteaMurcia
45%
VoloteaA Corona
15%

Score Distribution

Percentile by Number Answered

Percent of People with Each Score

Your Score History

You have not taken this quiz